000 01347nam a2200289 i 4500
001 16281
003 DO-SdUEMH
005 20260128173917.0
007 ta
008 211105s2006||||dr |||gr|||| 0|| | spa d
040 _aDO-SdUEMH
_bspa
_erda
041 _aspa
082 1 4 _aRD345.05 P861F 2006
_mRD
_bV648
084 _b10-00161
100 1 _aPOTENTINI ADAMES, TRAJANO VIDAL
_eaut
245 0 _aFormularios Anotados y Nueva Jurisprudencia Procesal Penal /
_cTrajano Vidal Potentini A.
260 _c2006
264 1 _aSanto Domingo, República Dominicana :
_c©2006
300 _axxx, 699 páginas :
_c22 cm.
336 _2rdacontent
_atexto
_btxt
337 _2rdamedia
_asin mediación
_bn
338 _2rdacarrier
_avolumen
_bnc
504 _aContiene Información Bibliográfica a Final de la Obra.
505 2 _aFormularios anotados del proceso penal -- Formularios procesales del procedimiento preparatorio -- I. Actos iniciales del procedimiento preparatorio -- I.I. Formularios procesales para distintos modelos de querellas -- II. Actos sobre los medios de pruebas -- III. Actos propios del Ministerio Público -- IV. Actos propios del actor civil -- V. Actos propios del imputado -- VI. Actos conclusivos del procedimiento preparatorio -- VII. Actos propios del querellante o de la víctima.
942 _2ddc
_cBK
_n0
999 _c16281
_d16281